[Event "Sofia An Pasan op 10th"]
[Site "Sofia"]
[Date "2015.11.01"]
[Round "4"]
[White "Stoyanov, Encho"]
[Black "Yordanov, Kaloyan"]
[Result "0-1"]
[WhiteElo "1380"]
[BlackElo "1370"]
[PlyCount "88"]
[EventDate "2015.10.31"]
[EventType "swiss"]
[EventRounds "6"]
[EventCountry "BUL"]
[SourceTitle "CBM 169 Extra"]
[Source "ChessBase"]
[SourceDate "2015.12.18"]
[SourceVersion "1"]
[SourceVersionDate "2015.12.18"]
[SourceQuality "1"]

1. d4 d5 2. c4 c6 3. Nc3 Nf6 4. Bg5 h6 5. Bh4 a6 6. e3 Bf5 7. Nf3 e6 8. a3 Be7 9. Be2 0-0 10. 0-0 Bg4 11. Ne5 Bxe2 12. Qxe2 Nbd7 13. f4 Nxe5 14. fxe5 Ne4 15. Bxe7 Nxc3 16. Qg4 Qxe7 17. bxc3 dxc4 18. Rf3 Qg5 19. Qh3 Qg6 20. Rg3 Qh7 21. Rf1 Kh8 22. Qg4 Rae8 23. Rgf3 Re7 24. e4 b5 25. Qh4 Rd7 26. Re1 Kg8 27. Ref1 Kh8 28. Re1 a5 29. g4 Rb7 30. g5 hxg5 31. Qxg5 Kg8 32. Ree3 Qg6 33. h4 Qxg5+ 34. hxg5 g6 35. Rf4 Kg7 36. Ref3 b4 37. cxb4 axb4 38. axb4 Rxb4 39. Rc3 Rfb8 40. Rf1 Ra4 41. Rd1 Rb3 42. Rdc1 Ra1 43. Rxc4 Rxc1+ 44. Rxc1 Re3 0-1

[Event "Sofia An Pasan op 10th"]
[Site "Sofia"]
[Date "2015.10.31"]
[Round "1"]
[White "Yordanov, Kaloyan"]
[Black "Hristov, Deyan"]
[Result "0-1"]
[WhiteElo "1370"]
[BlackElo "1380"]
[PlyCount "58"]
[EventDate "2015.10.31"]
[EventType "swiss"]
[EventRounds "6"]
[EventCountry "BUL"]
[SourceTitle "CBM 169 Extra"]
[Source "ChessBase"]
[SourceDate "2015.12.18"]
[SourceVersion "1"]
[SourceVersionDate "2015.12.18"]
[SourceQuality "1"]

1. e4 e5 2. Nf3 Nc6 3. Bc4 Nf6 4. d3 h6 5. c3 Bc5 6. 0-0 d6 7. Be3 Bb6 8. h3 Na5 9. Bb5+ Bd7 10. Bxd7+ Nxd7 11. Re1 0-0 12. Nbd2 f5 13. exf5 Rxf5 14. b4 Nc6 15. Qb3+ Kh7 16. Nf1 Qf6 17. Qd1 d5 18. Ng3 g5 19. Nxf5 Qxf5 20. Qb1 g4 21. hxg4 Qxg4 22. d4+ e4 23. Nh2 Qg7 24. f3 Rg8 25. Re2 Nf6 26. a4 a6 27. b5 axb5 28. axb5 Ne7 29. Bf2 Qxg2# 0-1